Agricultural and resource policy : (Record no. 14797)

000 -LEADER
fixed length control field 00715cam a2200205 a 4500
020 ## - INTERNATIONAL STANDARD BOOK NUMBER
ISBN 0195540239
040 ## - CATALOGING SOURCE
Transcribing agency CU-A
082 00 - DEWEY DECIMAL CLASSIFICATION NUMBER
Classification number 338 OXF 1997 A070 Or.
100 1# - MAIN ENTRY--AUTHOR NAME
Personal name Godden, David.
245 10 - TITLE STATEMENT
Title Agricultural and resource policy :
Remainder of title principles and practice /
260 ## - PUBLICATION, DISTRIBUTION, ETC. (IMPRINT)
Place of publication Melbourne ;
-- New York :
Name of publisher Oxford University Press,
Year of publication 1997.
300 ## - PHYSICAL DESCRIPTION
Number of Pages xv, 408 p. :
Other physical details ill. ;
Dimensions 23 cm.
650 #0 - SUBJECT ADDED ENTRY--TOPICAL TERM
Topical Term Agriculture and state
650 #0 - SUBJECT ADDED ENTRY--TOPICAL TERM
Topical Term Agriculture
650 #0 - SUBJECT ADDED ENTRY--TOPICAL TERM
Topical Term Agriculture
856 42 - ELECTRONIC LOCATION AND ACCESS
Uniform Resource Identifier http://www.loc.gov/catdir/enhancements/fy0640/98137450-d.html
856 41 - ELECTRONIC LOCATION AND ACCESS
Uniform Resource Identifier http://www.loc.gov/catdir/enhancements/fy0640/98137450-t.html
856 42 - ELECTRONIC LOCATION AND ACCESS
Uniform Resource Identifier http://www.loc.gov/catdir/enhancements/fy0726/98137450-b.html
942 ## - ADDED ENTRY ELEMENTS (KOHA)
Koha item type សៀវភៅភាសាអង់គ្លេស
952 ## - LOCATION AND ITEM INFORMATION (KOHA)
Withdrawn status [LOCAL, KOHA] 0
Holdings
Permanent Location Date acquired Koha item type Lost status Shelving location Barcode Current Location Full call number
Library Block A2017-10-26សៀវភៅភាសាអង់គ្លេស A070A04810Library Block A338 OXF 1997 A070 Or.
មជ្ឈមណ្ឌលឯការនៃសាកលវិទ្យាល័យភូមិន្ទកសិកម្មចំការដូង

Powered by Koha